January in Other Languages Quiz Stats

Quiz Updated Jan 26, 2016

Challenge
Share
Tweet
Score 0/20 Timer 04:00
0 Plays Today
% Correct
English
98.1%
Russian
85.4%
French
84.4%
Arabic
84.1%
Chinese
80.5%
Portuguese
79.2%
Korean
78.1%
Spanish
77.8%
Italian
74.2%
Vietnamese
73.2%
% Correct
Hebrew
72%
German
65.5%
Hindi
64.9%
Thai
62.6%
Polish
58.1%
Welsh
52.7%
Finnish
48.3%
Turkish
39.3%
Romanian
32.3%
Swahili
18.8%

You're not logged in!

Compare scores with friends on all Sporcle quizzes.
Join for Free
OR
Log In

You Might Also Like...

Show Comments

Extras

Top Quizzes Today


Score Distribution

Your Account Isn't Verified!

In order to create a playlist on Sporcle, you need to verify the email address you used during registration. Go to your Sporcle Settings to finish the process.

Report this User

Report this user for behavior that violates our Community Guidelines.

Details: